000 00496nam a2200205Ia 4500
003 OSt
005 20140315102807.0
008 140130s9999 xx 000 0 und d
020 _a9780439735148
050 _aPZ 7
_b.R632Cos 2006
100 _aRobbins, Trina.
245 _cTrina Robbins.
_aA cosmic comic /
260 _bScholastic Inc.,
_cc2006.
_aUSA :
300 _a8 p. :
_bcol. ill. ;
_c23 cm.
440 _v1
521 _aG2
526 _c450
942 _cBK
_2lcc
999 _c40369
_d40369